000 01426nam a22002777a 4500
001 9488
003 FISKH
005 20260114114844.0
008 260114b cb ||||| |||| 00| 0 eng d
020 _a9781848102309
040 _aFISKH
_beng
_cFISKH
_dFISKH
050 _aQL737.C27 D353
082 _a599.78
100 _aBédoyère , Camilla De la
245 _aBears /
_cBy Camilla De la Bédoyère
250 _aFirst edition printed 2010
260 _aUK :
_bMiles Kelly Publishing​ ,
_c2008.
300 _a48 pages :
_bcolor illustrations ;
_c30 cm .
490 _a100 facts
520 _aThere are many reasons why bears are among the most popular exhibits in zoos. These powerful mammals can seem simultaneously adorable and dangerous. This fact-filled volume offers much more knowledge than a bear lover could find in a zoo. Besides valuable scientific information about the eight species of bears remaining in the world, their habitats, life cycles, diet, and more, readers will also find out about species that are now extinct such as Arctodus, a towering bear that measured over 10 feet (3 m) in height! Colorful photographs, illustrations, and diagrams supplement this impressive collection of bear facts"--Provided by the publisher.
650 _aForest animals
_vNon-fiction
650 _aWildlife
_vNon-fiction
700 _aTaylor , Barbara
_eConsultant
942 _2ddc
_cBK
_n0
999 _c9488
_d9488